Guardami /

Gorde:
Xehetasun bibliografikoak
Beste egile batzuk: Ferrario, Davide, (1956- ), Cavallotti, Elisabetta
Formatua: Diapositiba
Hizkuntza:italiera
Argitaratua: Roma : CVC [distributore], [2000?]
Etiketak: Etiketa erantsi
Etiketarik gabe, Izan zaitez lehena erregistro honi etiketa jartzen!

MARC

LEADER 00000ngm a22000007i 4500
001 IT\ICCU\UBO\1269376
003 ItRI
005 20260124182817.0
008 010420s2000 it |||||||||||||||k|||||c
028 4 2 |a RO1C2032 
040 |b ita 
041 7 |a ita  |2 ISO-639-2 
130 0 |a Guardami <film ; 1999>  |3 IT\ICCU\RAV\0943906 
245 0 0 |a Guardami /  |c un film di Davide Ferrario. 
260 |a Roma :  |b CVC [distributore],  |c [2000?] 
300 |a 1 videocassetta (VHS) (95 min.) :  |b color., son. (Dolby stereo) 
500 |a Tit. del contenitore 
500 |a Film del 1999, Italia; interpreti: Elisabetta Cavallotti 
500 |a Vietato ai minori di 18 anni. 
700 1 |a Ferrario, Davide,  |d  (1956- )  |0 IT\ICCU\CFIV\003372 
700 1 |a Cavallotti, Elisabetta  |0 IT\ICCU\UBOV\491332 
942 |2 ddc  |c VM  |n 0 
952 |0 0  |1 0  |4 0  |6 VO_618_000000000000000  |7 0  |9 26677  |a BO  |b BO  |d 2026-01-24  |i 7198  |l 0  |o VO 618  |p BO7198  |r 2026-01-24 18:28:17  |w 2026-01-24  |x [Sebina 5] [1 videocassetta]  |y VM  |z 1 videocassetta 
999 |c 22564  |d 22564